00708 2200217 4500001002100000005001500021035002000036007000300056008004100059082001600100084002200116245012000138260003200258300002800290650002300318650001800341110004100359520003200400856003400432990002400466INLIS00000000000814420260325015247 a0010-0326000089ta260325 0 ind  a631:005.584 a631:005.584 BAL l1 aLaporan Pertanggungjawaban Kilas Kinerja Kepala Balai Pengkajian Teknologi Pertanian Masa Bakti Mei 2020-April 2022 aMalang :bBPTP JATIM,c2022 a34p. :bIlus ;c29.4 cm 4aPertanggungjawaban 4aKilas Kinerja0 aBalai Pengkajian Teknologi Pertanian aLaporan POertanggungjawaban aPerpustakaan BBRMP Jawa Timur a282/2026/BBRMPJATIM